| 000 | 00600nam a2200229Ia 4500 | ||
|---|---|---|---|
| 003 | OSt | ||
| 005 | 20221007071235.0 | ||
| 006 | a|||||r|||| 00| 0 | ||
| 007 | ta | ||
| 008 | 221006b |||||||| |||| 00| 0 eng d | ||
| 024 | _a16,349 | ||
| 037 | _cTextual | ||
| 040 |
_aFLL _cFLL _beng |
||
| 041 |
_2eng _aeng |
||
| 082 | _aX83, K6 | ||
| 100 |
_aPaterson M. Au. _9688393 |
||
| 245 | 0 | _aPlanned life assurance | |
| 260 |
_aLondon _bBusiness publications limited London _c1966 |
||
| 300 |
_a231p _ccm. |
||
| 942 |
_hX83, K6 _cTEXL _2CC |
||
| 999 |
_c1142847 _d1142847 |
||